000 00346nam a2200109Ia 4500
008 171204s9999 xx 000 0 und d
245 _aLearning the Art of Helping: Building Blocks and Techniques
245 _cMark E. Young
260 _c2016
650 _xSPED 18: Guidance and Counseling
856 _uhttp://down.ebook777.com/057/0134165780.pdf
999 _c346589
_d346589